ბათუმის შოთა რუსთაველის სახელმწიფო უნივერსიტეტის ბიბლიოთეკა

მემინდვრეობა : (ბიბ.ჩანაწერი № 63007)

000 -ლიდერი
ფიქსირებული სიგრძის საკონტროლო ველი 01093nam a22002057a 4500
003 - საკონტროლო ნომრის იდენტიფიკატორი
საკონტროლო ველი Ge_BSU
005 - ბოლო ოპერაციის თარიღი და დრო
საკონტროლო ველი 20250430153627.0
008 - ფიქსირებული სიგრძის მონაცემთა ელემენტები - ზოგადი ინფორმაცია
ფიქსირებული სიგრძის საკონტროლო ველი 250430s2009 ge ||||| |||| 00| 0 geo d
020 ## - წიგნის საერთაშორისო სტანდარტული ნომერი
International Standard Book Number 9789941147692
041 ## - ენის კოდი
Language code of text/sound track or separate title geo
080 ## - უნივერსალური ათობითი კლასიფიკაციის ინდექსი
Universal Decimal Classification number 633(075.32) კ-77
100 ## - მთავარი ჩანაწერი - პიროვნების სახელი
Personal name კორახაშვილი, ა.
9 (RLIN) 12607
245 ## - ცნობა სათაურის შესახებ
Title მემინდვრეობა :
Remainder of title სახელმძღვ. შემუშავებულია ამერიკის სათემო კოლეჯები საერთაშორისო განვითარებისათვის ბაზაზე /
Statement of responsibility, etc ა. კორახაშვილი; [რედ. ნ. დოლიძე].
264 ## - წარმოების, გამოცემის, დისტრიბუციის და სხვა ცნობები
გამოცემის, წარმოების, დისტრიბუციის... ადგილი თბ. :
გამოცემის, წარმოების, დისტრიბუციის... სახელწოდება [ტექნ. უნ-ტი],
გამოცემის, წარმოების, დისტრიბუციის... თარიღი 2009.
300 ## - ფიზიკური აღწერა
Extent 271 გვ. :
Other physical details ცხრ., სურ. ;
Dimensions 29 სმ.
653 ## - INDEX TERM--UNCONTROLLED
Uncontrolled term სახელობო პროფესიული განათლება
653 ## - INDEX TERM--UNCONTROLLED
Uncontrolled term მემინდვრეობა
700 ## - ADDED ENTRY--PERSONAL NAME
Personal name დოლიძე, ნ.
Relator term რედაქტორი
9 (RLIN) 24978
942 ## - ADDED ENTRY ELEMENTS (KOHA)
Source of classification or shelving scheme
Koha item type წიგნი
ეგზემპლარები
ჩამოწერის სტატუსი დაკარგული ეგზემპლარის სტატუსი კლასიფიკაციის წყარო ან თაროზე გაწყობის სქემა დაზიანების სტატუსი არ გაიცემა მუდმივი მდებარეობა (დაცვის ადგილი) ამჟამინდელი ადგილსამყოფელი თაროზე განთავსების ადგილი შეძენის თარიღი ღირებულება, შესყიდვის ნორმალური ფასი სრული შენახვის შიფრი შტრიხკოდი ბოლო ოპერაციის თარიღი ეგზემპლარის მიმდევრობითი ნომერი (კეტერი?) Uniform Resource Identifier ფასის ძალაში შესვლის თარიღი ეგზემპლარის სახეობა საჯარო შენიშვნა
          აგრარული და მემბრანული ტექნოლოგიების ინსტიტუტის ბიბლიოთეკა აგრარული და მემბრანული ტექნოლოგიების ინსტიტუტის ბიბლიოთეკა წიგნსაცავი 2025-04-30 10.00 633(075.32) კ-77 71299 2025-04-30 71299 ნაჩუქარი 2025-04-30 წიგნი 10 ლ.